Tâm lí học

Gorde:
Xehetasun bibliografikoak
Formatua: Liburua
Hizkuntza:Undetermined
Etiketak: Etiketa erantsi
Etiketarik gabe, Izan zaitez lehena erregistro honi etiketa jartzen!
Thư viện lưu trữ: Trung tâm Học liệu Trường Đại học Cần Thơ
LEADER 00258nam a2200097Ia 4500
001 CTU_33002
008 210402s9999 xx 000 0 und d
082 |a 150 
082 |b R992 
245 0 |a Tâm lí học 
980 |a Trung tâm Học liệu Trường Đại học Cần Thơ